Normal view MARC view

Entry Topical Term

Number of records used in: 1

001 - CONTROL NUMBER

  • control field: 6485

003 - CONTROL NUMBER IDENTIFIER

  • control field: OSt

005 - DATE AND TIME OF LATEST TRANSACTION

  • control field: 20190624062127.0

008 - FIXED-LENGTH DATA ELEMENTS

  • fixed length control field: 190624|| aca||aabn | a|a d

040 ## - CATALOGING SOURCE

  • Original cataloging agency: OSt
  • Transcribing agency: OSt

150 ## - HEADING--TOPICAL TERM

  • Topical term or geographic name entry element: Forest products

670 ## - SOURCE DATA FOUND

  • Source citation: Work cat.: (OSt): Saboo, Shalini 6483, Value addition to minor forest produce: gateway to economic empowerment of Jharkhand tribals , 2019

Powered by Koha